| 000 | 00418 a2200133 4500 | ||
|---|---|---|---|
| 001 | ART_9378 | ||
| 005 | 20260410161835.0 | ||
| 008 | 260409a | ||
| 245 | 1 | 0 | _aEl costo de transporte urbano de pasajeros |
| 100 | 1 | _aYardin, Amaro Ramón | |
| 700 | 1 | _aRodríguez Jauregui, Hugo A. | |
| 700 | 1 | _aCuesta, Norberto | |
| 773 | 0 |
_tContabilidad y administración _g- Año 4, Nº 42 (dic. 1980) _wREV5485 |
|
| 999 |
_c23601 _d23601 |
||